<?xml version='1.0' encoding='UTF-8'?>
  <record xmlns="http://www.loc.gov/MARC21/slim">
    <leader>00000cam a2200000 i 4500</leader>
    <controlfield tag="001">ocm38606114</controlfield>
    <controlfield tag="003">OCoLC</controlfield>
    <controlfield tag="005">20251104181441.4</controlfield>
    <controlfield tag="008">870413s1550    fr a          001 0 lat d</controlfield>
    <datafield tag="040" ind1=" " ind2=" ">
      <subfield code="a">STF</subfield>
      <subfield code="b">eng</subfield>
      <subfield code="e">rda</subfield>
      <subfield code="e">dcrmb</subfield>
      <subfield code="c">STF</subfield>
      <subfield code="d">OCL</subfield>
      <subfield code="d">OCLCQ</subfield>
      <subfield code="d">OCLCG</subfield>
      <subfield code="d">OCLCQ</subfield>
      <subfield code="d">OCLCO</subfield>
      <subfield code="d">OCLCF</subfield>
      <subfield code="d">OCLCQ</subfield>
      <subfield code="d">OCLCO</subfield>
      <subfield code="d">OCLCQ</subfield>
      <subfield code="d">QGJ</subfield>
      <subfield code="d">OCLCO</subfield>
      <subfield code="d">YUM</subfield>
      <subfield code="d">OCLCO</subfield>
      <subfield code="d">OCLCQ</subfield>
      <subfield code="d">OCLCO</subfield>
      <subfield code="d">OCLCL</subfield>
      <subfield code="d">QGJ</subfield>
      <subfield code="d">OCLCO</subfield>
      <subfield code="d">QGJ</subfield>
      <subfield code="d">OCLCO</subfield>
      <subfield code="d">OCLCL</subfield>
      <subfield code="d">OCLCO</subfield>
      <subfield code="d">QGJ</subfield>
      <subfield code="d">OCLCO</subfield>
    </datafield>
    <datafield tag="029" ind1="1" ind2=" ">
      <subfield code="a">NZ1</subfield>
      <subfield code="b">12854378</subfield>
    </datafield>
    <datafield tag="029" ind1="1" ind2=" ">
      <subfield code="a">NZ1</subfield>
      <subfield code="b">1327753</subfield>
    </datafield>
    <datafield tag="029" ind1="1" ind2=" ">
      <subfield code="a">NLNZL</subfield>
      <subfield code="b">9913277533502836</subfield>
    </datafield>
    <datafield tag="035" ind1=" " ind2=" ">
      <subfield code="a">(OCoLC)38606114</subfield>
    </datafield>
    <datafield tag="041" ind1="0" ind2=" ">
      <subfield code="a">lat</subfield>
      <subfield code="a">grc</subfield>
    </datafield>
    <datafield tag="100" ind1="0" ind2=" ">
      <subfield code="a">Vitruvius Pollio,</subfield>
      <subfield code="e">author.</subfield>
      <subfield code="4">aut</subfield>
      <subfield code="1">https://id.oclc.org/worldcat/entity/E39PCjvfKyBj9YpGTJgqKb9v73</subfield>
    </datafield>
    <datafield tag="240" ind1="1" ind2="0">
      <subfield code="a">De architectura</subfield>
    </datafield>
    <datafield tag="245" ind1="1" ind2="0">
      <subfield code="a">M. Vitruuij Pollionis, viri suae professionis peritissimi, De architectura libri. X. ad Augustum Caesarem accuratissime conscripti, &amp; locis quamplurimis hac editione emendati. /</subfield>
      <subfield code="c">adiunctis nunc primum Gulielmi Philandri Castilionij Galli, ciuis Rom. castigationibus atque Annotationibus in eosdem longe doctiss. ad franciscum Valesium Galliarum Regem. vna cum lib. II. Sex. Iulij Frontini De aquaeductibus vrbis Romae, &amp; Nicolai Cusani Dialogo de staticis experimentis, Cum Graeco pariter &amp; Latino indice, dispositione copiaq[ue] elboratissimo.</subfield>
    </datafield>
    <datafield tag="246" ind1="3" ind2=" ">
      <subfield code="a">M. Vitrvvii Pollionis, viri svae professionis peritissimi, De architectvra libri. X. ad Avgvstum Caesarem accuratissime conscripti, &amp; locis quamplurimis hac editione emendati</subfield>
    </datafield>
    <datafield tag="246" ind1="3" ind2="0">
      <subfield code="a">De architectura libri X.</subfield>
    </datafield>
    <datafield tag="246" ind1="1" ind2="7">
      <subfield code="a">M. Vitruuij Poll. De archietc.</subfield>
    </datafield>
    <datafield tag="264" ind1=" " ind2="1">
      <subfield code="a">Argentorati, :</subfield>
      <subfield code="b">ex Officina Knoblochiana, per Georgium Machaeropieum,</subfield>
      <subfield code="c">Anno Dom. M.D.L. [1550]</subfield>
    </datafield>
    <datafield tag="300" ind1=" " ind2=" ">
      <subfield code="a">[60], 493, [57] pages :</subfield>
      <subfield code="b">woodcut illustrations ;</subfield>
      <subfield code="c">20 cm (4to)</subfield>
    </datafield>
    <datafield tag="336" ind1=" " ind2=" ">
      <subfield code="a">text</subfield>
      <subfield code="b">txt</subfield>
      <subfield code="2">rdacontent</subfield>
    </datafield>
    <datafield tag="337" ind1=" " ind2=" ">
      <subfield code="a">unmediated</subfield>
      <subfield code="b">n</subfield>
      <subfield code="2">rdamedia</subfield>
    </datafield>
    <datafield tag="338" ind1=" " ind2=" ">
      <subfield code="a">volume</subfield>
      <subfield code="b">nc</subfield>
      <subfield code="2">rdacarrier</subfield>
    </datafield>
    <datafield tag="340" ind1=" " ind2=" ">
      <subfield code="m">4to</subfield>
      <subfield code="2">rdabf</subfield>
    </datafield>
    <datafield tag="500" ind1=" " ind2=" ">
      <subfield code="a">Publication place and printer's name taken from colophon, which reads: Argentorati, ex Officina Knoblochiana, per Georgium Machaeropieum, mense Augusto Anno, M.D.L.</subfield>
    </datafield>
    <datafield tag="500" ind1=" " ind2=" ">
      <subfield code="a">Imprint: Anno Dom. M.D.L.</subfield>
    </datafield>
    <datafield tag="500" ind1=" " ind2=" ">
      <subfield code="a">Signatures: AA-DD⁴ EEFF⁴ GG-HH⁴ II² A-Z⁴ aa-zz⁴ Aa-Ss⁴ [alpha[-[epsilon]⁴ (gathering EEFF signed: EEFF, EE2, EEFF3, FF4; [epsilon]4 is blank)</subfield>
    </datafield>
    <datafield tag="500" ind1=" " ind2=" ">
      <subfield code="a">Title page in red and black.</subfield>
    </datafield>
    <datafield tag="500" ind1=" " ind2=" ">
      <subfield code="a">With woodcut initials and printed marginalia.</subfield>
    </datafield>
    <datafield tag="500" ind1=" " ind2=" ">
      <subfield code="a">In Latin, with some passages in Greek. Includes indexes in Latin and Greek.</subfield>
    </datafield>
    <datafield tag="500" ind1=" " ind2=" ">
      <subfield code="a">With an introduction by the printer Georgius Machaeropioeus and a prefatory poem by Nicolaus Gerbelius.</subfield>
    </datafield>
    <datafield tag="510" ind1="4" ind2=" ">
      <subfield code="a">Verzeichnis der im deutschen Sprachbereich erschienenen Drucke des 16. Jahrhunderts (VD 16),</subfield>
      <subfield code="c">V 1764</subfield>
      <subfield code="u">https://gateway-bayern.de/VD16+V+1764</subfield>
    </datafield>
    <datafield tag="510" ind1="4" ind2=" ">
      <subfield code="3">Frontinus, Sextus Julius. De aquaeductibus urbis Romae:</subfield>
      <subfield code="a">Verzeichnis der im deutschen Sprachbereich erschienenen Drucke des 16. Jahrhunderts (VD 16),</subfield>
      <subfield code="c">F 3133</subfield>
      <subfield code="u">https://gateway-bayern.de/VD16+V+1764</subfield>
    </datafield>
    <datafield tag="510" ind1="4" ind2=" ">
      <subfield code="3">Nicolaus aus Kues. De staticis experimentis:</subfield>
      <subfield code="a">Verzeichnis der im deutschen Sprachbereich erschienenen Drucke des 16. Jahrhunderts (VD 16),</subfield>
      <subfield code="c">N 1554</subfield>
      <subfield code="u">https://gateway-bayern.de/VD16+V+1764</subfield>
    </datafield>
    <datafield tag="510" ind1="4" ind2=" ">
      <subfield code="a">Adams, H.M. Catalogue of books printed on the continent of Europe, 1501-1600, in Cambridge libraries,</subfield>
      <subfield code="c">V 907</subfield>
    </datafield>
    <datafield tag="650" ind1=" " ind2="0">
      <subfield code="a">Architecture</subfield>
      <subfield code="v">Early works to 1800.</subfield>
    </datafield>
    <datafield tag="650" ind1=" " ind2="0">
      <subfield code="a">Mechanical engineering</subfield>
      <subfield code="v">Early works to 1800.</subfield>
    </datafield>
    <datafield tag="650" ind1=" " ind2="6">
      <subfield code="a">Architecture</subfield>
      <subfield code="v">Ouvrages avant 1800.</subfield>
    </datafield>
    <datafield tag="650" ind1=" " ind2="6">
      <subfield code="a">Génie mécanique</subfield>
      <subfield code="v">Ouvrages avant 1800.</subfield>
    </datafield>
    <datafield tag="650" ind1=" " ind2="7">
      <subfield code="a">Architecture</subfield>
      <subfield code="2">fast</subfield>
    </datafield>
    <datafield tag="655" ind1=" " ind2="7">
      <subfield code="a">Early works</subfield>
      <subfield code="2">fast</subfield>
    </datafield>
    <datafield tag="655" ind1=" " ind2="7">
      <subfield code="a">Annotations (Provenance)</subfield>
      <subfield code="y">17th century.</subfield>
      <subfield code="2">rbprov</subfield>
      <subfield code="5">CtY-BR</subfield>
    </datafield>
    <datafield tag="655" ind1=" " ind2="7">
      <subfield code="a">Armorial bookplates (Provenance)</subfield>
      <subfield code="2">rbprov</subfield>
      <subfield code="5">CtY-BR</subfield>
    </datafield>
    <datafield tag="700" ind1="1" ind2=" ">
      <subfield code="a">Philandrier, Guillaume,</subfield>
      <subfield code="d">1505-1565,</subfield>
      <subfield code="e">writer of added commentary.</subfield>
      <subfield code="4">wac</subfield>
      <subfield code="1">https://id.oclc.org/worldcat/entity/E39PBJkMJBfKmym9rcYhVDwDMP</subfield>
    </datafield>
    <datafield tag="700" ind1="0" ind2="2">
      <subfield code="i">Container of (work):</subfield>
      <subfield code="a">Nicholas,</subfield>
      <subfield code="c">of Cusa, Cardinal,</subfield>
      <subfield code="d">1401-1464.</subfield>
      <subfield code="t">De staticis experimentis.</subfield>
    </datafield>
    <datafield tag="700" ind1="1" ind2="2">
      <subfield code="i">Container of (work):</subfield>
      <subfield code="a">Frontinus, Sextus Julius.</subfield>
      <subfield code="t">De aquis urbis Romae.</subfield>
    </datafield>
    <datafield tag="700" ind1="1" ind2=" ">
      <subfield code="a">Gerbel, Nicolaus,</subfield>
      <subfield code="d">approximately 1485-1560,</subfield>
      <subfield code="e">contributor.</subfield>
      <subfield code="4">ctb</subfield>
      <subfield code="1">https://id.oclc.org/worldcat/entity/E39PBJyh9G4jvQv4FKRywQCfbd</subfield>
    </datafield>
    <datafield tag="700" ind1="1" ind2=" ">
      <subfield code="a">Messerschmidt, Georg,</subfield>
      <subfield code="e">printer,</subfield>
      <subfield code="e">writer of introduction.</subfield>
      <subfield code="4">prt</subfield>
      <subfield code="4">win</subfield>
      <subfield code="1">https://id.oclc.org/worldcat/entity/E39PBJkp4w4vfjmDHmj3vkBXVC</subfield>
    </datafield>
    <datafield tag="700" ind1="0" ind2=" ">
      <subfield code="a">Francis</subfield>
      <subfield code="b">I,</subfield>
      <subfield code="c">King of France,</subfield>
      <subfield code="d">1494-1547,</subfield>
      <subfield code="e">dedicatee.</subfield>
      <subfield code="4">dte</subfield>
      <subfield code="1">https://id.oclc.org/worldcat/entity/E39PBJfx7bPHpmpfqhhDhFhT73</subfield>
    </datafield>
    <datafield tag="710" ind1="2" ind2=" ">
      <subfield code="a">Knoblochs Druckerei,</subfield>
      <subfield code="e">printer.</subfield>
      <subfield code="4">prt</subfield>
      <subfield code="1">https://id.oclc.org/worldcat/entity/E39QH7Jmtj8tfVhTYFfGFKfr3F</subfield>
    </datafield>
    <datafield tag="752" ind1=" " ind2=" ">
      <subfield code="a">France</subfield>
      <subfield code="d">Strasbourg,</subfield>
      <subfield code="e">publication place.</subfield>
      <subfield code="4">pup</subfield>
    </datafield>
    <datafield tag="758" ind1=" " ind2=" ">
      <subfield code="i">has work:</subfield>
      <subfield code="a">De architectura (Text)</subfield>
      <subfield code="1">https://id.oclc.org/worldcat/entity/E39PCFvR7PMjQgBWMxhTdmJppq</subfield>
      <subfield code="4">https://id.oclc.org/worldcat/ontology/hasWork</subfield>
    </datafield>
  </record>